| 000 | 00578pam a2200193 a 4500 | ||
|---|---|---|---|
| 020 | _a0534935133 | ||
| 040 | _cDLC | ||
| 082 | 0 | 0 | _a510 PWS 1994 A034 Or. |
| 100 | 1 | _aTan, S. T. | |
| 245 | 1 | 0 | _aApplied finite mathematics / |
| 250 | _a4th ed. | ||
| 260 |
_aBoston : _bPWS Pub., _cc1994. |
||
| 300 |
_axiv, 510, 82 p. : _bill. (some col.) ; _c27 cm. |
||
| 500 | _aIncludes index. | ||
| 650 | 0 | _aMathematics. | |
| 856 | 4 | 2 | _uhttp://www.loc.gov/catdir/enhancements/fy1515/93004401-b.html |
| 856 | 4 | 2 | _uhttp://www.loc.gov/catdir/enhancements/fy1515/93004401-d.html |
| 942 | _cEK | ||
| 999 |
_c12470 _d12470 |
||